Las maravillas del cuerpo humano

Gespeichert in:
Bibliographische Detailangaben
1. Verfasser: Béliard, Octave
Format: Buch
Sprache:Spanisch
Erschienen: Barcelona : Seix y Barral Hnos., 1940
Ausgabe:4ª ed.
Katalog:MANES:  Suchergebnis im Bibliothekskatalog
Schulbuchspezifische Eigenschaften:
Tags: Tag hinzufügen
Keine Tags, Fügen Sie den ersten Tag hinzu!
Hinzugefügt zu:12.07.1999
Geändert in:07.05.2025

MARC

LEADER 00000cam a2200000 i 4500
003 OSt
005 20250507134358.0
008 990713s1940 espa 000 0 spa d
040 |a uned  |b spa  |c entro-manes 
100 1 |a Béliard, Octave  |9 37084 
245 1 4 |a Las maravillas del cuerpo humano  
250 |a 4ª ed. 
260 |a Barcelona :   |b Seix y Barral Hnos.,   |c 1940 
300 |a 243 p. :   |b il.  |c 18.5x14 cm 
500 |a Edición ilustrada con grabados en blanco y negro 
546 |a España 
561 |5 es-BUNED  |3 L.T. 3621  |a España. Fondo Manes UNED  |k MANES 
690 0 |a CN 
691 0 |a SE 
942 |2 ddc  |c BK 
999 |c 93068  |d 93068 
999 |c manes:93068  |d 93068